[Event "France - Open A"]
[Site "Chartres"]
[Date "2019.08.17"]
[Round "1.3"]
[White "Batteux, Mickael"]
[Black "Aumont, Alexandre"]
[Result "0-1"]
[WhiteElo "2037"]
[BlackElo "2190"]
[PlyCount "132"]
[EventDate "2019.08.??"]
[EventType "swiss"]
[EventRounds "9"]
[EventCountry "FRA"]
[WhiteTeam "Fillé sur Sarthe"]
[BlackTeam "Les Fous du Roi"]
[WhiteClock "0:01:48"]
[BlackClock "0:13:06"]

1. d4 {[%emt 0:00:02]} Nf6 {[%emt 0:00:08]} 2. Nf3 {[%emt 0:00:07]} g6 {
[%emt 0:00:51]} 3. Nc3 {[%emt 0:00:16]} d5 {[%emt 0:00:12]} 4. Bf4 {[%emt 0:00:
09]} Bg7 {[%emt 0:03:39]} 5. e3 {[%emt 0:00:35]} O-O {[%emt 0:02:17]} 6. Be2 {
[%emt 0:00:24]} c6 {[%emt 0:14:18]} 7. h3 {[%emt 0:06:03]} a5 {[%emt 0:01:39]}
8. O-O {[%emt 0:01:06]} Bf5 {[%emt 0:01:14]} 9. Bd3 {[%emt 0:09:08]} Nbd7 {
[%emt 0:16:59]} 10. Bxf5 {[%emt 0:19:45]} gxf5 {[%emt 0:00:04]} 11. Ne5 {
[%emt 0:00:59]} Ne4 {[%emt 0:06:34]} 12. Qh5 {[%emt 0:19:46]} Nxc3 {[%emt 0:05:
22]} 13. bxc3 {[%emt 0:00:35]} Nxe5 {[%emt 0:01:07]} 14. dxe5 {[%emt 0:00:42]}
e6 {[%emt 0:03:21]} 15. Rad1 {[%emt 0:12:58]} f6 {[%emt 0:07:31]} 16. exf6 {
[%emt 0:03:41]} Qxf6 {[%emt 0:00:32]} 17. c4 {[%emt 0:00:27]} Qc3 {[%emt 0:06:
52]} 18. cxd5 {[%emt 0:03:36]} cxd5 {[%emt 0:00:08]} 19. Rb1 {[%emt 0:00:51]}
Qc6 {[%emt 0:08:05]} 20. Rb3 {[%emt 0:02:13]} b5 {[%emt 0:03:05]} 21. e4 {
[%emt 0:04:04]} fxe4 {[%emt 0:07:03]} 22. Rg3 {[%emt 0:02:17]} Rxf4 {[%emt 0:
03:47]} 23. Rxg7+ {[%emt 0:00:07]} Kxg7 {[%emt 0:00:06]} 24. Qg5+ {[%emt 0:00:
07]} Kh8 {[%emt 0:00:22]} 25. Qe5+ {[%emt 0:00:17]} Kg8 {[%emt 0:00:08]} 26.
Qg5+ {[%emt 0:00:04]} Kh8 {[%emt 0:03:17]} 27. Qe5+ {[%emt 0:00:07]} Kg8 {
[%emt 0:00:02]} 28. Qg5+ {[%emt 0:00:14]} Kf8 {[%emt 0:00:55]} 29. Qxf4+ {
[%emt 0:00:18]} Ke8 {[%emt 0:00:02]} 30. Qf6 {[%emt 0:02:45]} Ra6 {[%emt 0:02:
40]} 31. Qh8+ {[%emt 0:01:54]} Kd7 {[%emt 0:00:02]} 32. Qxh7+ {[%emt 0:00:31]}
Kd6 {[%emt 0:01:31]} 33. Qh8 {[%emt 0:00:48]} Ra8 {[%emt 0:00:09]} 34. Qf6 {
[%emt 0:00:46]} Qxc2 {[%emt 0:01:04]} 35. Qf4+ {[%emt 0:00:22]} e5 {[%emt 0:01:
18]} 36. Qh6+ {[%emt 0:00:42]} Kc5 {[%emt 0:01:23]} 37. Rc1 {[%emt 0:00:14]}
Qc4 {[%emt 0:00:07]} 38. Qe3+ {[%emt 0:01:49]} Kb4 {[%emt 0:00:29]} 39. Qd2+ {
[%emt 0:07:00]} Kc5 {[%emt 0:00:18]} 40. Qe3+ {[%emt 0:00:13]} Kb4 {[%emt 0:00:
05]} 41. Rxc4+ {[%emt 0:05:39]} bxc4 {[%emt 0:01:40]} 42. Qb6+ {[%emt 0:06:27]}
Kc3 {[%emt 0:00:26]} 43. Qb7 {[%emt 0:00:59]} Rd8 {[%emt 0:00:29]} 44. Qc7 {
[%emt 0:02:22]} Ra8 {[%emt 0:02:12]} 45. Qxe5+ {[%emt 0:00:18]} d4 {[%emt 0:00:
07]} 46. Qxe4 {[%emt 0:00:13]} Rb8 {[%emt 0:07:15]} 47. Qe1+ {[%emt 0:01:18]}
Kc2 {[%emt 0:02:17]} 48. Qe2+ {[%emt 0:01:01]} Kc3 {[%emt 0:00:10]} 49. Qe1+ {
[%emt 0:13:50]} Kc2 {[%emt 0:01:16]} 50. Qe4+ {[%emt 0:00:21]} Kc3 {[%emt 0:00:
25]} 51. h4 {[%emt 0:01:54]} d3 {[%emt 0:01:55]} 52. Qe5+ {[%emt 0:03:05]} Kc2
{[%emt 0:00:35]} 53. Qxb8 {[%emt 0:00:42]} d2 {[%emt 0:00:05]} 54. Qb5 {
[%emt 0:00:43]} d1=Q+ {[%emt 0:00:39]} 55. Kh2 {[%emt 0:00:05]} Qd6+ {[%emt 0:
03:17]} 56. g3 {[%emt 0:00:20]} c3 {[%emt 0:02:07]} 57. Qxa5 {[%emt 0:00:30]}
Qd4 {[%emt 0:01:53]} 58. Qb5 {[%emt 0:00:59]} Kd2 {[%emt 0:01:27]} 59. Qg5+ {
[%emt 0:00:20]} Kd1 {[%emt 0:00:10]} 60. Qh5+ {[%emt 0:00:10]} Ke1 {[%emt 0:00:
20]} 61. Qe8+ {[%emt 0:00:13]} Kd2 {[%emt 0:00:43]} 62. Qf8 {[%emt 0:01:25]} c2
{[%emt 0:00:14]} 63. Qh6+ {[%emt 0:00:12]} Kd1 {[%emt 0:00:24]} 64. Qh5+ {
[%emt 0:00:07]} Ke1 {[%emt 0:00:15]} 65. Qa5+ {[%emt 0:00:21]} Qd2 {[%emt 0:01:
03]} 66. Qe5+ {[%emt 0:00:07]} Kxf2 {[%emt 0:00:42]} 0-1

[Event "France - Open A"]
[Site "Chartres"]
[Date "2019.08.17"]
[Round "1.6"]
[White "De Lussac, Rainier"]
[Black "Fournier, Dimitri"]
[Result "0-1"]
[WhiteElo "2164"]
[BlackElo "2034"]
[PlyCount "132"]
[EventDate "2019.08.??"]
[EventType "swiss"]
[EventRounds "9"]
[EventCountry "FRA"]
[WhiteTeam "Cercle d'Echecs de Nantes"]
[BlackTeam "Club du Canal St-Martin Paris"]
[WhiteClock "0:02:50"]
[BlackClock "0:02:32"]

1. d4 {[%emt 0:00:10]} Nf6 {[%emt 0:00:06]} 2. c4 {[%emt 0:00:26]} e6 {[%emt 0:
00:06]} 3. Nf3 {[%emt 0:00:07]} b6 {[%emt 0:00:05]} 4. g3 {[%emt 0:00:27]} Bb7
{[%emt 0:00:05]} 5. Bg2 {[%emt 0:00:05]} Be7 {[%emt 0:00:04]} 6. O-O {[%emt 0:
00:06]} O-O {[%emt 0:00:04]} 7. d5 {[%emt 0:00:39]} exd5 {[%emt 0:01:08]} 8.
Nh4 {[%emt 0:01:00]} c6 {[%emt 0:01:09]} 9. cxd5 {[%emt 0:01:45]} Nxd5 {
[%emt 0:03:41]} 10. Nf5 {[%emt 0:00:05]} Nc7 {[%emt 0:02:58]} 11. e4 {[%emt 0:
02:49]} d5 {[%emt 0:03:29]} 12. Re1 {[%emt 0:01:13]} Bc5 {[%emt 0:23:30]} 13.
Nc3 {[%emt 0:29:59]} Qf6 {[%emt 0:12:59]} 14. Qf3 {[%emt 0:17:06]} Nd7 {
[%emt 0:08:44]} 15. h4 {[%emt 0:01:39]} Ne5 {[%emt 0:04:27]} 16. Qd1 {[%emt 0:
15:35]} dxe4 {[%emt 0:12:07]} 17. Bxe4 {[%emt 0:02:43]} Rad8 {[%emt 0:10:55]}
18. Qh5 {[%emt 0:09:20]} g6 {[%emt 0:06:42]} 19. Bg5 {[%emt 0:02:51]} Qxf5 {
[%emt 0:01:23]} 20. Bxf5 {[%emt 0:00:20]} gxh5 {[%emt 0:00:06]} 21. Rxe5 {
[%emt 0:07:11]} f6 {[%emt 0:00:06]} 22. Rxc5 {[%emt 0:00:15]} bxc5 {[%emt 0:00:
09]} 23. Be3 {[%emt 0:00:21]} Rfe8 {[%emt 0:02:36]} 24. Ne4 {[%emt 0:01:39]}
Nd5 {[%emt 0:01:02]} 25. Bxc5 {[%emt 0:02:36]} Re5 {[%emt 0:00:28]} 26. g4 {
[%emt 0:00:20]} hxg4 {[%emt 0:00:31]} 27. Ng3 Nf4 {[%emt 0:00:45]} 28. Be3 {
[%emt 0:00:40]} Ne2+ {[%emt 0:00:28]} 29. Nxe2 {[%emt 0:00:11]} Rxf5 {[%emt 0:
00:02]} 30. Rc1 {[%emt 0:01:08]} Rfd5 {[%emt 0:01:54]} 31. Nc3 {[%emt 0:00:29]}
Ra5 {[%emt 0:01:00]} 32. Kg2 {[%emt 0:01:16]} c5+ {[%emt 0:00:59]} 33. Kg3 {
[%emt 0:00:01]} Bf3 {[%emt 0:00:09]} 34. b3 {[%emt 0:00:13]} Rc8 {[%emt 0:01:
23]} 35. Rc2 {[%emt 0:01:02]} c4 {[%emt 0:00:34]} 36. b4 {[%emt 0:00:45]} Ra6 {
[%emt 0:00:34]} 37. b5 {[%emt 0:00:27]} Ra3 {[%emt 0:01:29]} 38. Bc1 {[%emt 0:
00:38]} Ra5 {[%emt 0:00:05]} 39. a4 {[%emt 0:01:42]} a6 {[%emt 0:00:06]} 40.
Be3 {[%emt 0:00:39]} axb5 {[%emt 0:00:21]} 41. axb5 {[%emt 0:00:03]} Ra3 {
[%emt 0:01:43]} 42. b6 {[%emt 0:02:47]} Rb3 {[%emt 0:02:38]} 43. Na4 {[%emt 0:
02:18]} Bd1 {[%emt 0:16:01]} 44. Rc1 {[%emt 0:04:18]} Rxe3+ {[%emt 0:00:31]}
45. fxe3 {[%emt 0:00:04]} Bxa4 {[%emt 0:00:06]} 46. b7 {[%emt 0:00:09]} Rb8 {
[%emt 0:00:09]} 47. Rxc4 {[%emt 0:00:04]} Bd7 {[%emt 0:00:09]} 48. Rc7 {
[%emt 0:00:04]} Be6 {[%emt 0:00:36]} 49. h5 {[%emt 0:04:42]} h6 {[%emt 0:04:54]
} 50. e4 {[%emt 0:01:18]} Kf8 {[%emt 0:00:29]} 51. Kf4 {[%emt 0:07:54]} Ke8 {
[%emt 0:02:37]} 52. Rh7 {[%emt 0:02:30]} Bg8 {[%emt 0:00:31]} 53. Rc7 {[%emt 0:
03:16]} Kd8 {[%emt 0:01:50]} 54. Rg7 {[%emt 0:00:05]} Be6 {[%emt 0:00:39]} 55.
Rh7 {[%emt 0:00:28]} Bd7 {[%emt 0:00:37]} 56. Rh8+ {[%emt 0:04:21]} Kc7 {
[%emt 0:00:06]} 57. Rxh6 {[%emt 0:00:16]} Rg8 {[%emt 0:03:13]} 58. Rg6 {
[%emt 0:03:15]} Rxg6 {[%emt 0:01:09]} 59. hxg6 {[%emt 0:00:01]} Be6 {[%emt 0:
01:10]} 60. g7 {[%emt 0:00:15]} Kxb7 {[%emt 0:00:43]} 61. g8=Q {[%emt 0:02:09]}
Bxg8 {[%emt 0:00:04]} 62. Kxg4 {[%emt 0:00:06]} Bh7 {[%emt 0:01:01]} 63. Kf4 {
[%emt 0:00:13]} Kc7 {[%emt 0:00:05]} 64. e5 {[%emt 0:00:04]} f5 {[%emt 0:00:16]
} 65. Kg5 {[%emt 0:00:07]} Kd7 {[%emt 0:00:08]} 66. Kf6 {[%emt 0:00:12]} Ke8 {
[%emt 0:00:45]} 0-1

[Event "France - Open A"]
[Site "Chartres"]
[Date "2019.08.17"]
[Round "1.7"]
[White "Kantzer, Romain"]
[Black "Girardon, Jerome"]
[Result "1-0"]
[WhiteElo "2034"]
[BlackElo "2164"]
[PlyCount "73"]
[EventDate "2019.08.??"]
[EventType "swiss"]
[EventRounds "9"]
[EventCountry "FRA"]
[WhiteTeam "Bischwiller"]
[BlackTeam "Gueugnon Echecs"]

1. d4 Nf6 2. Bf4 c5 3. e3 g6 4. c3 Qb6 5. Qb3 Bg7 6. Nd2 Nc6 7. Nc4 Qxb3 8.
axb3 Nd5 9. Bg3 cxd4 10. e4 Nf6 11. Nb6 axb6 12. Rxa8 O-O 13. Bd3 d5 14. e5 Ne4
15. Bxe4 dxe4 16. Ne2 d3 17. Nd4 Nxe5 18. Bxe5 Bxe5 19. g3 f5 20. f4 Bg7 21.
Kd2 e5 22. Nb5 Bh6 23. Rf1 g5 24. fxe5 g4+ 25. Ke1 e3 26. Nd6 Be6 27. Rxf8+
Bxf8 28. c4 b5 29. Nxb5 Bb4+ 30. Nc3 Bc5 31. Rf4 Kf7 32. Nd5 b5 33. Kd1 b4 34.
Ke1 Bc8 35. Rf1 Ke6 36. Nf4+ Kf7 37. Nxd3 1-0

[Event "France - Open A"]
[Site "Chartres"]
[Date "2019.08.17"]
[Round "1.8"]
[White "Afraoui, Anaelle"]
[Black "Grandy, Aurelien"]
[Result "0-1"]
[WhiteElo "2163"]
[BlackElo "2032"]
[PlyCount "126"]
[EventDate "2019.08.??"]
[EventType "swiss"]
[EventRounds "9"]
[EventCountry "FRA"]
[WhiteTeam "Clichy-Echecs-92"]
[BlackTeam "Avinkha Club d'Echecs"]

1. e4 e5 2. Nf3 Nc6 3. Bb5 a6 4. Ba4 Nf6 5. O-O Be7 6. Re1 b5 7. Bb3 d6 8. c3
O-O 9. h3 Na5 10. Bc2 d5 11. d4 dxe4 12. Nxe5 c5 13. Bxe4 Nxe4 14. Rxe4 f6 15.
Nf3 Bb7 16. Re1 Nc4 17. Nbd2 Nb6 18. Ne4 c4 19. Bf4 Rc8 20. Bh2 Re8 21. Ned2
Qd7 22. Qc2 Bf8 23. Nh4 Qd5 24. Qf5 Qxf5 25. Nxf5 Na4 26. Rxe8 Rxe8 27. Rb1 Re2
28. Bf4 Rxd2 29. Bxd2 Be4 30. Re1 Bxf5 31. b3 Nb6 32. Re8 Bc8 33. bxc4 Kf7 34.
Re2 Nxc4 35. Bf4 Be6 36. f3 Ba3 37. g4 Bb2 38. Rc2 a5 39. Bc1 Ba1 40. a3 Bd5
41. Kf2 a4 42. Ke2 Ke7 43. Kd3 Kd7 44. Rf2 Bf7 45. f4 Bd5 46. Re2 Na5 47. Re1
Nb3 48. Kc2 Nxc1 49. Rxc1 Be4+ 50. Kd2 Bb2 51. Re1 Bc6 52. Rb1 Bxa3 53. d5 Bxd5
54. Rxb5 Bc6 55. Ra5 Bd6 56. Ra7+ Kd8 57. f5 Bc7 58. Ra6 Kd7 59. Kc2 Bb8 60.
Rb6 Ba7 61. Ra6 Bc5 62. Ra5 Kd6 63. Ra6 Kc7 0-1

[Event "France - Open A"]
[Site "Chartres"]
[Date "2019.08.17"]
[Round "1.9"]
[White "Emmenecker, Pierre-Antoine"]
[Black "Da Silva, Quentin"]
[Result "0-1"]
[WhiteElo "2021"]
[BlackElo "2161"]
[PlyCount "90"]
[EventDate "2019.08.??"]
[EventType "swiss"]
[EventRounds "9"]
[EventCountry "FRA"]
[WhiteTeam "Issy-Les-Moulineaux"]
[BlackTeam "U.S.Villejuif Echecs"]

1. e4 c5 2. Nc3 Nc6 3. f4 g6 4. Nf3 Bg7 5. Bb5 Nd4 6. Bd3 d6 7. Nxd4 cxd4 8.
Ne2 Nf6 9. O-O O-O 10. Qe1 Qb6 11. a4 Nxe4 12. Bxe4 d3+ 13. Kh1 dxe2 14. Qxe2
Bd7 15. a5 Qc7 16. a6 Bc6 17. axb7 Qxb7 18. Bxc6 Qxc6 19. c3 e6 20. Ra5 Rfc8
21. d4 Bxd4 22. Ra6 Bb6 23. Rd1 d5 24. Be3 Qc7 25. h3 Bxe3 26. Qxe3 Qc5 27. Qd2
Rc6 28. Rxc6 Qxc6 29. f5 exf5 30. Qxd5 Qxd5 31. Rxd5 a5 32. c4 Kf8 33. Rb5 a4
34. Rb7 a3 35. bxa3 Rxa3 36. Kg1 Rc3 37. Rc7 Rc2 38. c5 h5 39. Kf1 h4 40. Kg1
Kg7 41. Kh1 Rc1+ 42. Kh2 g5 43. Rc6 g4 44. hxg4 fxg4 45. Rc8 Kg6 0-1

[Event "France - Open A"]
[Site "Chartres"]
[Date "2019.08.17"]
[Round "1.10"]
[White "Arnaud, Aurelien"]
[Black "Deveque, Guillaume"]
[Result "0-1"]
[WhiteElo "2160"]
[BlackElo "2016"]
[PlyCount "104"]
[EventDate "2019.08.??"]
[EventType "swiss"]
[EventRounds "9"]
[EventCountry "FRA"]
[WhiteTeam "L'Echiquier Châlonnais"]
[BlackTeam "Lille Université Club Echiquier du Nord"]

1. d4 d5 2. c4 c6 3. Nf3 Nf6 4. e3 e6 5. b3 Nbd7 6. Bb2 Ne4 7. Nbd2 Ndf6 8. Bd3
Qa5 9. a3 dxc4 10. bxc4 Nxd2 11. Nxd2 Bd6 12. O-O O-O 13. e4 Bf4 14. Nb3 Qg5
15. g3 e5 16. Qf3 Bh3 17. Rfd1 Bg4 18. Qg2 Qh5 19. Re1 Bf3 20. Qf1 exd4 21. Be2
Ng4 22. h3 Nxf2 23. Qxf2 Be3 24. Bxf3 Bxf2+ 25. Kxf2 Qxh3 26. Bxd4 Qe6 27. Rac1
b6 28. Bb2 Rad8 29. Nd4 Qe5 30. Rcd1 c5 31. Nc6 Qxb2+ 32. Re2 Qc3 33. Nxd8 Qxc4
34. Red2 Qb3 35. Nc6 g6 36. Rd3 Qa4 37. e5 c4 38. Rc3 Qb5 39. Rd2 Qc5+ 40. Kg2
b5 41. Rd6 f6 42. Bd5+ Kh8 43. Rf3 c3 44. Nb4 c2 45. Nd3 Qxa3 46. Rc6 fxe5 47.
Rxf8+ Qxf8 48. Rxc2 Qf5 49. Rd2 e4 50. Nf4 g5 51. Be6 Qf6 52. Nh5 Qf3+ 0-1

[Event "France - Open A"]
[Site "Chartres"]
[Date "2019.08.17"]
[Round "1.11"]
[White "Anes, Emmanuel"]
[Black "Derige Kane, Yan"]
[Result "0-1"]
[WhiteElo "2014"]
[BlackElo "2156"]
[PlyCount "84"]
[EventDate "2019.08.??"]
[EventType "swiss"]
[EventRounds "9"]
[EventCountry "FRA"]
[WhiteTeam "L'Echiquier du Lac Enghien"]
[BlackTeam "Marseille Passion Echecs"]

1. c4 e6 2. Nc3 d5 3. d4 Nf6 4. Nf3 dxc4 5. g3 Bb4 6. Bg2 b5 7. a4 c6 8. axb5
cxb5 9. Ne5 Nd5 10. O-O Bxc3 11. bxc3 O-O 12. Qc2 f6 13. Nf3 Bb7 14. e4 Nc7 15.
h4 Nd7 16. h5 Nb6 17. Nh4 f5 18. Ba3 Rf7 19. Rae1 fxe4 20. Bxe4 Bxe4 21. Rxe4
Nbd5 22. f4 Nf6 23. Re5 Ng4 24. Re2 Nd5 25. Ng2 Qf6 26. Rfe1 Re8 27. Bd6 a5 28.
f5 Qxf5 29. Qxf5 Rxf5 30. Rxe6 Rxe6 31. Rxe6 Kf7 32. Re4 Ngf6 33. Re1 Rf3 34.
Nh4 Rxc3 35. Rb1 Rb3 36. Re1 Re3 37. Rf1 c3 38. g4 Re4 39. Nf3 Rxg4+ 40. Kh2
Ke6 41. Bc5 h6 42. Re1+ Re4 0-1

[Event "France - Open A"]
[Site "Chartres"]
[Date "2019.08.17"]
[Round "1.12"]
[White "Sabatier, Mathis"]
[Black "Bleuzen, Erwan"]
[Result "0-1"]
[WhiteElo "2152"]
[BlackElo "2013"]
[PlyCount "124"]
[EventDate "2019.08.??"]
[EventType "swiss"]
[EventRounds "9"]
[EventCountry "FRA"]
[WhiteTeam "Echecs Club de Corbas"]
[BlackTeam "Echiquier Gouesnousien"]

1. d4 d5 2. c4 c6 3. Nc3 Nf6 4. cxd5 cxd5 5. Bg5 Nc6 6. Bxf6 exf6 7. e3 Be6 8.
Nge2 Bd6 9. g3 Qd7 10. Bg2 Ne7 11. O-O Rd8 12. Rc1 h5 13. e4 h4 14. Qa4 h3 15.
Qxd7+ Rxd7 16. Bf3 dxe4 17. Nxe4 O-O 18. Nxd6 Rxd6 19. Bxb7 Rb8 20. Rc7 Rd7 21.
Rxd7 Bxd7 22. Be4 Rxb2 23. Nc3 f5 24. Bd3 Be6 25. Re1 g5 26. Re2 Rb4 27. d5 Rd4
28. Bc2 Nxd5 29. Nb5 Rc4 30. f3 Nc3 31. Nxc3 Rxc3 32. Kf2 Bd5 33. Rd2 Bxf3 34.
Bxf5 Bg2 35. Bg4 Kg7 36. Bd1 a5 37. Rd7 Kg6 38. Rd6+ f6 39. Ra6 Rc5 40. Be2 Bd5
41. Bd3+ Kf7 42. Ra7+ Ke6 43. a4 Bc6 44. Be2 f5 45. Bd1 Be4 46. Ke3 Ke5 47.
Re7+ Kf6 48. Ra7 Bc2 49. Ra6+ Kg7 50. Ra7+ Kf6 51. Ra6+ Ke7 52. Bxc2 Rxc2 53.
Rxa5 Kf6 54. Ra6+ Kg7 55. Ra5 Kg6 56. Ra6+ Kh5 57. Kf3 Rxh2 58. Ra8 Ra2 59.
Rh8+ Kg6 60. a5 g4+ 61. Ke3 Rxa5 62. Kf2 Ra2+ 0-1

[Event "France - Open A"]
[Site "Chartres"]
[Date "2019.08.17"]
[Round "1.13"]
[White "Chartier, Antoine"]
[Black "Guignier, Nicolas"]
[Result "0-1"]
[WhiteElo "2013"]
[BlackElo "2151"]
[PlyCount "68"]
[EventDate "2019.08.??"]
[EventType "swiss"]
[EventRounds "9"]
[EventCountry "FRA"]
[WhiteTeam "Le Petit-Roque de Sèvres-Ville d'Avray"]
[BlackTeam "Dijon Echiquier des Ducs"]

1. d4 d5 2. Bf4 Nf6 3. e3 Bg4 4. Be2 Bxe2 5. Qxe2 c5 6. Nf3 Qb6 7. Nbd2 Nc6 8.
O-O e6 9. c3 a5 10. e4 cxd4 11. cxd4 Qa6 12. Qe3 Nb4 13. Ne5 Nc2 14. Qc3 Nxa1
15. Qc7 Be7 16. Rxa1 Qd6 17. Qxb7 Rb8 18. Qa7 Qb6 19. Qxb6 Rxb6 20. Rc1 O-O 21.
b3 Bb4 22. Ndf3 dxe4 23. Nc4 Ra6 24. Nfe5 Nd5 25. Bg3 Rc8 26. Kf1 f6 27. Ng4 h5
28. Nge3 g5 29. h4 f5 30. Be5 f4 31. Nc2 g4 32. a3 Be7 33. Re1 a4 34. Nb4 Nxb4
0-1

[Event "France - Open A"]
[Site "Chartres"]
[Date "2019.08.17"]
[Round "1.14"]
[White "Spitz, Christophe"]
[Black "Veron, Cyprien"]
[Result "0-1"]
[WhiteElo "2147"]
[BlackElo "2012"]
[PlyCount "74"]
[EventDate "2019.08.??"]
[EventType "swiss"]
[EventRounds "9"]
[EventCountry "FRA"]
[WhiteTeam "U.S. Orléans.Echecs"]
[BlackTeam "Saint Hilaire Petitville"]

1. e4 e5 2. Nf3 Nc6 3. d4 exd4 4. Bc4 Nf6 5. O-O Bc5 6. e5 d5 7. exf6 dxc4 8.
Re1+ Be6 9. Ng5 g6 10. Qg4 O-O 11. Rxe6 fxe6 12. Qxe6+ Kh8 13. Nf7+ Rxf7 14.
Qxf7 Qf8 15. Qxc4 Re8 16. Bd2 Ne5 17. Qb5 c6 18. Qxb7 Qxf6 19. h3 d3 20. Be3
dxc2 21. Nc3 Bxe3 22. fxe3 Nd3 23. Ne4 Rxe4 24. Qc8+ Kg7 25. Qd7+ Re7 26. Qxd3
Qxb2 27. Qf1 Rxe3 28. Rc1 Rd3 29. Kh2 Qe5+ 30. Kh1 Qd5 31. Qf4 Rd1+ 32. Kh2
Rxc1 33. Qxc1 Qd6+ 34. g3 Qd1 35. Qb2+ Kh6 36. g4 c1=Q 37. g5+ Qxg5 0-1

[Event "France - Open A"]
[Site "Chartres"]
[Date "2019.08.17"]
[Round "1.15"]
[White "Spitz, Patrick"]
[Black "Weill, Roland"]
[Result "1-0"]
[WhiteElo "2008"]
[BlackElo "2146"]
[PlyCount "79"]
[EventDate "2019.08.??"]
[EventType "swiss"]
[EventRounds "9"]
[EventCountry "FRA"]
[WhiteTeam "Cavalier de la Tourelle Saint-Mande"]
[BlackTeam "Echiquier Centre Vaucluse "]

1. e4 e5 2. Nf3 Nc6 3. Bc4 Be7 4. d4 d6 5. h3 Nf6 6. Nc3 O-O 7. O-O Nxe4 8.
Nxe4 d5 9. Bxd5 Qxd5 10. Nc3 Qd8 11. d5 Nb4 12. a3 e4 13. Nh2 Na6 14. Nxe4 Bf5
15. Nc3 Nc5 16. Be3 Ne4 17. Nxe4 Bxe4 18. c4 c6 19. f3 Bg6 20. Ng4 Re8 21. dxc6
bxc6 22. Qxd8 Bxd8 23. Bd4 Bd3 24. Rfc1 Bc7 25. c5 Bf5 26. Kf2 Be6 27. Rd1 Rad8
28. Bc3 Rxd1 29. Rxd1 Bd5 30. Re1 Rxe1 31. Kxe1 f6 32. Ke2 Kf7 33. Ne3 Be6 34.
Nc2 Bc4+ 35. Ke3 Bh2 36. Kf2 Bf4 37. g3 Bc1 38. Nd4 Bd5 39. f4 Be4 40. Ne2 1-0

[Event "France - Open A"]
[Site "Chartres"]
[Date "2019.08.17"]
[Round "1.16"]
[White "Bernard, Jacques"]
[Black "Bellaiche, Elise"]
[Result "1/2-1/2"]
[WhiteElo "2140"]
[BlackElo "1996"]
[PlyCount "54"]
[EventDate "2019.08.??"]
[EventType "swiss"]
[EventRounds "9"]
[EventCountry "FRA"]
[WhiteTeam "Evry Grand Roque"]
[BlackTeam "Cercle d'Echecs de Villepinte"]

1. e4 c5 2. Nf3 e6 3. d4 cxd4 4. Nxd4 Nf6 5. Nc3 Nc6 6. Ndb5 Bb4 7. a3 Bxc3+ 8.
Nxc3 d5 9. exd5 exd5 10. Bd3 O-O 11. O-O d4 12. Ne2 Bg4 13. f3 Bh5 14. Qe1 Bg6
15. Bxg6 hxg6 16. Qf2 Qb6 17. Rd1 Rad8 18. b4 Rd7 19. Bb2 Rfd8 20. Rd3 a5 21.
c3 Qa6 22. Rad1 dxc3 23. Rxd7 Rxd7 24. Rxd7 Nxd7 25. Bxc3 axb4 26. axb4 Qc4 27.
Qe3 Nf6 1/2-1/2

[Event "France - Open A"]
[Site "Chartres"]
[Date "2019.08.17"]
[Round "1.17"]
[White "Dubuisson, Samuel"]
[Black "Bordais, Benjamin"]
[Result "0-1"]
[WhiteElo "1996"]
[BlackElo "2137"]
[PlyCount "132"]
[EventDate "2019.08.??"]
[EventType "swiss"]
[EventRounds "9"]
[EventCountry "FRA"]
[WhiteTeam "Amicale Laique de Molinghem"]
[BlackTeam "A.C.L. Orbec Echecs"]

1. d4 d5 2. c4 dxc4 3. Nc3 a6 4. e3 Nf6 5. a4 e6 6. Bxc4 c5 7. Nf3 Nc6 8. O-O
Be7 9. Qe2 O-O 10. Rd1 Qc7 11. h3 b6 12. dxc5 Bxc5 13. e4 Ne5 14. Bf4 Nxf3+ 15.
Qxf3 Qc6 16. Be2 Bb7 17. Qg3 Rfd8 18. Bf3 Ne8 19. e5 Qc7 20. Ne4 Bxe4 21. Bxe4
Rac8 22. Rac1 a5 23. Rd3 g6 24. Rcd1 Be7 25. Rc1 Bc5 26. Bg5 Rxd3 27. Bxd3 Qd7
28. Bb5 Qd4 29. Rc4 Qd1+ 30. Kh2 Ng7 31. Rc3 h6 32. Rd3 Qe1 33. Bd2 Qxf2 34.
Qxf2 Bxf2 35. Bxh6 Nf5 36. Bf4 Rc2 37. Rd8+ Kg7 38. Bd3 Rxb2 39. Bxf5 gxf5 40.
Bg5 f4 41. Bxf4 Bh4 42. Rd4 Rb4 43. Be3 Be1 44. Rxb4 axb4 45. Bxb6 Bc3 46. a5
Bxe5+ 47. g3 b3 48. a6 b2 49. a7 b1=Q 50. a8=Q Qxb6 51. Qf3 Qb2+ 52. Kg1 Qc1+
53. Kg2 Qd2+ 54. Kg1 Qg5 55. Kg2 Qxg3+ 56. Qxg3+ Bxg3 57. Kxg3 Kg6 58. Kf4 Kh5
59. Kg3 e5 60. Kf3 f5 61. Kg3 f4+ 62. Kf3 Kh4 63. Kg2 e4 64. Kh2 f3 65. Kg1 e3
66. Kf1 Kxh3 0-1

[Event "France - Open A"]
[Site "Chartres"]
[Date "2019.08.17"]
[Round "1.18"]
[White "Haie, Arnaud"]
[Black "Labrande, Theodore"]
[Result "1-0"]
[WhiteElo "2130"]
[BlackElo "1996"]
[PlyCount "89"]
[EventDate "2019.08.??"]
[EventType "swiss"]
[EventRounds "9"]
[EventCountry "FRA"]
[WhiteTeam "Cavalier de l'Espérance Cercle J.J. Paur"]
[BlackTeam "La Tour Saint Pierroise"]

1. d4 d5 2. c4 e6 3. Nc3 Nf6 4. cxd5 exd5 5. Bg5 Be7 6. e3 c6 7. Bd3 Nbd7 8.
Nf3 Nh5 9. Bxe7 Qxe7 10. O-O O-O 11. Qb1 g6 12. b4 Nb6 13. Qb3 Be6 14. Nd2 Ng7
15. a4 Qg5 16. Rfc1 Nf5 17. Nf3 Qe7 18. Rab1 Nd6 19. Nd2 Nbc4 20. Qd1 Bg4 21.
Qe1 Nxd2 22. Qxd2 Nc4 23. Bxc4 dxc4 24. b5 cxb5 25. Rxb5 b6 26. e4 Kg7 27. f3
Bd7 28. Rbb1 Rac8 29. d5 f6 30. h3 Qd6 31. f4 Rfe8 32. Re1 Re7 33. Re2 Rce8 34.
Rbe1 Kf7 35. e5 fxe5 36. fxe5 Qc5+ 37. Kh1 Bf5 38. Qf4 Kg8 39. e6 Rd8 40. Qe5
a6 41. Re4 Qf2 42. Rf4 Qc5 43. Re3 Bd3 44. Ref3 Qc7 45. Rf8+ 1-0

[Event "France - Open A"]
[Site "Chartres"]
[Date "2019.08.17"]
[Round "1.19"]
[White "Van Den Brande, Norman"]
[Black "Roux, Baptiste"]
[Result "1-0"]
[WhiteElo "1994"]
[BlackElo "2130"]
[PlyCount "59"]
[EventDate "2019.08.??"]
[EventType "swiss"]
[EventRounds "9"]
[EventCountry "FRA"]
[WhiteTeam "Maison des Echecs Toulouse Lardenne"]
[BlackTeam "Corsica Chess Club"]

1. d4 d5 2. c4 dxc4 3. e3 Nf6 4. Bxc4 a6 5. Nf3 b5 6. Be2 Bb7 7. O-O e6 8. a4
b4 9. Nbd2 Nbd7 10. Ne5 c5 11. Bf3 Nd5 12. Ndc4 N7f6 13. a5 cxd4 14. Qa4+ Nd7
15. Nxd7 Qxd7 16. Qxd7+ Kxd7 17. Bxd5 exd5 18. Nb6+ Kc6 19. Nxa8 Bxa8 20. exd4
Bd6 21. Bg5 Kb5 22. Bh4 Re8 23. Bg3 Bxg3 24. fxg3 f6 25. Rfc1 b3 26. Kf2 Re4
27. Rc8 Bc6 28. Rb8+ Kc4 29. Rc1+ Kd3 30. Rxc6 1-0

[Event "France - Open A"]
[Site "Chartres"]
[Date "2019.08.17"]
[Round "1.20"]
[White "Droin, Augustin"]
[Black "De Lussac, Estephe"]
[Result "1-0"]
[WhiteElo "2128"]
[BlackElo "1993"]
[PlyCount "73"]
[EventDate "2019.08.??"]
[EventType "swiss"]
[EventRounds "9"]
[EventCountry "FRA"]
[WhiteTeam "Nomad' Echecs"]
[BlackTeam "Lille Université Club Echiquier du Nord"]

1. e4 c5 2. Nf3 d6 3. Nc3 Nf6 4. e5 dxe5 5. Nxe5 e6 6. g3 Nbd7 7. Nc4 a6 8. Bg2
Be7 9. O-O O-O 10. d3 Ra7 11. a4 b6 12. Bf4 Bb7 13. Bxb7 Rxb7 14. Qf3 Qa8 15.
Ra3 Rd8 16. Rb3 Nd5 17. Nxd5 exd5 18. Qxd5 Nf6 19. Qf3 Nd5 20. Bd2 Qc8 21. Ne3
Nb4 22. Bc3 Bf8 23. Rd1 Rbd7 24. Qg4 Qc6 25. a5 b5 26. Nf5 g6 27. Ne3 Nd5 28.
Qe4 b4 29. Bd2 Qc7 30. Nc4 Ne7 31. Bg5 h6 32. Bf6 Rd4 33. Bxd4 Rxd4 34. Qe5 Qd7
35. Qe2 h5 36. c3 Rd5 37. Nb6 1-0